Books in the Jewish Bible (Tanakh) - Statistics

General Stats
  • This quiz has been taken 112 times
  • The average score is 18 of 26
Answer Stats
Part of the bible Answer % Correct
Torah - Pentateuch Exodus
94%
Torah - Pentateuch Leviticus
94%
Torah - Pentateuch Numbers
94%
Nevi'im - Prophets Kings A
82%
Nevi'im - Prophets Kings B
82%
Nevi'im - Prophets Samuel A
79%
Nevi'im - Prophets Samuel B
79%
Nevi'im - Prophets Joshua
77%
Ketuvim - Writings Esther
76%
Torah - Pentateuch Gensis
74%
Ketuvim - Writings Psalms
74%
Nevi'im - Prophets Judges
71%
Ketuvim - Writings Ruth
70%
Nevi'im - Prophets Isaiah
67%
Ketuvim - Writings Job
67%
Ketuvim - Writings Daniel
64%
Torah - Pentateuch Deutronomy
64%
Ketuvim - Writings Song of Songs
64%
Nevi'im - Prophets Ezekiel
62%
Nevi'im - Prophets Jeremiah
62%
Ketuvim - Writings Chronicles
61%
Ketuvim - Writings Proverbs
61%
Ketuvim - Writings Ecclesiastes
55%
Ketuvim - Writings Lamentations
48%
Nevi'im - Prophets The Twelve
38%
Ketuvim - Writings Ezra–Nechemiah
18%
No matching quizzes found
Score Distribution
Percent of People with Each Score
Percentile by Number Answered
Your Score History
You have not taken this quiz